Indian financial system / (Record no. 58970)

MARC details
000 -LEADER
fixed length control field 00792nam a22002537a 4500
005 - DATE AND TIME OF LATEST TRANSACTION
control field 20170624124517.0
010 ## - LCCN (DPL NO)
LC control number ENG-104285
020 ## - INTERNATIONAL STANDARD BOOK NUMBER
International Standard Book Number 9780071333351
Terms of availability 550.00
020 ## - INTERNATIONAL STANDARD BOOK NUMBER
International Standard Book Number 0071333355
Terms of availability 550.00
035 ## - SYSTEM CONTROL NUMBER
System control number EN -87818
035 ## - SYSTEM CONTROL NUMBER
System control number B-491460-462
037 ## - SOURCE OF ACQUISITION
Source of stock number/acquisition DBAD/PUB
037 ## - SOURCE OF ACQUISITION
Source of stock number/acquisition Literacy House/Ven
082 ## - DEWEY DECIMAL CLASSIFICATION NUMBER
Classification number 336.54
100 ## - MAIN ENTRY--PERSONAL NAME
Personal name Khan, M.Y.
245 ## - TITLE STATEMENT
Title Indian financial system /
Statement of responsibility, etc by M. Y. Khan
250 ## - EDITION STATEMENT
Edition statement 7th ed
260 ## - PUBLICATION, DISTRIBUTION, ETC. (IMPRINT)
Place of publication, distribution, etc New Delhi
Name of publisher, distributor, etc Tata McGraw Hill
Date of publication, distribution, etc 2011
270 ## - ADDRESS
Address 7 West Patel Nagar
City New Delhi
Postal code 110008
300 ## - PHYSICAL DESCRIPTION
Extent Various pagings
Dimensions 24cm(pbk)
500 ## - GENERAL NOTE
General note Includes index
942 ## - ADDED ENTRY ELEMENTS (KOHA)
Source of classification or shelving scheme Dewey Decimal Classification
Item type English Books
Call number suffix KHA
Classification part 336.54
Holdings
Withdrawn status Lost status Not for loan Collection code Home library Current library Date acquired Source of acquisition Cost, normal purchase price Full call number Barcode Copy number Cost, replacement price Koha item type
      Non-fiction Central Library Central Library 19/07/2013 Literacy House/414/13/11.01.2013/22/18.12.2012/18.01.2013 575.00 336.54 KHA B-491460 1 575.00 English Books
    Not For Loan Non-fiction D.B.Act.Division D.B.Act.Division 05/12/2011 DBAD/PUB 550.00 336.54 KHA EN -87818 1 550.00 English Books
      Non-fiction Sarojini Nagar Sarojini Nagar 19/07/2013 Literacy House/414/13/11.01.2013/22/18.12.2012/18.01.2013 575.00 336.54 KHA B-491461 1 575.00 English Books
      Non-fiction Shahdara Branch Shahdara Branch 19/07/2013 Literacy House/414/13/11.01.2013/22/18.12.2012/18.01.2013 575.00 336.54 KHA B-491462 1 575.00 English Books

© Delhi Public Library
Hit Counter
free hit counter